000 00755nam a2200241Ia 4500
003 OSt
005 20220923220458.0
006 a|||||r|||| 00| 0
007 ta
008 220922b |||||||| |||| 00| 0 hin d
024 _a186,881
037 _cTextual
040 _aARTS
_cARTS
_bhin
041 _2hin
_ahin
082 _aX:8, 152M6
100 _aअन्तर सिंह
245 0 _aप्रशासन शास्त्र के सिद्वान्त
246 _aPrashāsan shāstra ke sidvānta
260 _aजयपुर
_b कलासिक पब्लिकेशन
_c1986
300 _a246 पृ.
_ccm.
942 _hX:8, 152M6
_cTEXL
_2CC
999 _c340124
_d340124